|
|
|
|
| LEADER |
01333nam a2200325 a 4500 |
| 001 |
38096 |
| 003 |
BD-DhAAL |
| 005 |
20220313102650.0 |
| 008 |
220310u1990 enk b 001 0 eng |
| 999 |
|
|
|c 43743
|d 43743
|
| 010 |
|
|
|a 90001673
|
| 020 |
|
|
|a 0521394163
|
| 020 |
|
|
|a 0521397340 (pbk.)
|
| 040 |
|
|
|a DLC
|c DLC
|d DLC
|d BD-DhAAL
|
| 050 |
0 |
0 |
|a HB99.5
|b .N67 1990
|
| 082 |
0 |
0 |
|a 302.3/5
|2 23
|
| 100 |
1 |
|
|a North, Douglass C.
|q (Douglass Cecil)
|9 46776
|
| 245 |
1 |
0 |
|a Institutions, institutional change, and economic performance /
|c Douglass C. North.
|
| 260 |
|
|
|a Cambridge ;
|a New York :
|b Cambridge University Press,
|c 1990.
|
| 300 |
|
|
|a viii, 152 pages ;
|c 24 cm.
|
| 490 |
|
|
|a The Political economy of institutions and decisions
|
| 504 |
|
|
|a Includes bibliographical references (p. 141-146) and index.
|
| 541 |
|
|
|a Donated by Akbar Ali Khan
|e 38096
|
| 650 |
|
0 |
|a Institutional economics.
|9 46777
|
| 650 |
|
0 |
|a Organizational change.
|9 46778
|
| 650 |
|
0 |
|a Economic development.
|9 46779
|
| 852 |
|
|
|a Ayesha Abed Library
|c Akbar Ali Khan Collection
|
| 856 |
4 |
1 |
|3 Table of contents
|u http://www.loc.gov/catdir/toc/cam025/90001673.html
|
| 942 |
|
|
|2 ddc
|c BK
|
| 952 |
|
|
|0 0
|1 0
|2 ddc
|4 0
|6 302_350000000000000_NOR
|7 1
|9 70094
|a BRACUL
|b BRACUL
|c AAKC
|d 2022-03-10
|e Donated by Akbar Ali Khan
|l 0
|o 302.35 NOR
|p 3010038096
|r 2022-03-10
|t 1
|w 2022-03-10
|y BK
|